000
00165 a2200085 4500
041
_a
spa
100
_a
Tan, Amy
245
_a
LAa esposa del dios del fuego
942
_c
BK
999
_c
3817
_d
3817